000 00590cam7a220021700 4500
001 zam00003595
008 951128s1976 xx eng u
035 _a(Sirsi) r20920
035 _a(MACHINE)SLC.
100 _aSluffaker, C. B.
_6A82480.1
245 1 0 _aBiological control.
260 _c1976.
949 _aSB975
_wlcc
_mMAIN
_tBOOK
_lON-SHELF
004 20920
591 _aClass code: BS 935.
591 _aCourse: Mycology and plant pathology.
591 _aSchool: S09.
591 _aLecturer: Prof. KAPOORIA, R.G.
591 _aNumber of Students: 29.
909 _aBook
999 _c172782
_d172782